000 00903nam a2200253 i 4500
001 92676
003 ES-MaACL
005 20250728110241.0
007 t|
008 050415s2001 sp ||||1| spa d
020 _a84-206-3791-2
080 _a21
100 1 _aKant, Immanuel,
_d1724-1804
_9222608
245 1 3 _aLa religión dentro de los límites de la mera razón /
_cImmanuel Kant ; traducción, prólogo y notas de Felipe Martínez Marzoa.
250 _a1ª ed. en "Area de conocimiento: Humanidades".
260 _aMadrid :
_bAlianza Editorial,
_c2001.
300 _a267 p. ;
_c18 cm.
490 1 _aEl libro de bolsillo. Filosofía ;
_v4427
650 1 7 _aReligión y filosofía
_2embne
_916811
700 1 _aMartínez Marzoa, Felipe.
_978215
830 0 _aEl libro de bolsillo. Filosofía ;
_v4427
_9184266
852 _aES-MaACL
_jE-10975
_bR.134762
999 _c92676
_d92676